00463cam a2200133 a 4500020004200000020003900042082001900081245005900100260008100159300002400240650002400264650002400288700001700312 a9781405190473 (hardback : alk. paper) a1405190477 (hardback : alk. paper)00a664.94bHAL/FI00aFish processing : Sustainability and new opportunities aChichester, West Sussex, U.K. ;aAmes, Iowa, :bWiley-Blackwell Pub.,c2011. ax, 296 p. :bill. ; 0aFishery processing. 0aFishery technology.1 aHall, G. M.,